Hands-on Oracle database 10g express edition for Linux (Record no. 6582)
[ view plain ]
| 000 -LEADER | |
|---|---|
| fixed length control field | 00945 a2200229 4500 |
| 020 ## - INTERNATIONAL STANDARD BOOK NUMBER | |
| International Standard Book Number | 0070636028 |
| 040 ## - CATALOGING SOURCE | |
| Original cataloging agency | DLC |
| Language of cataloging | DLC |
| 082 00 - DEWEY DECIMAL CLASSIFICATION NUMBER | |
| Classification number | 005.7585 |
| 100 1# - MAIN ENTRY--PERSONAL NAME | |
| Personal name | Bobrowski, Steven M. |
| 245 10 - TITLE STATEMENT | |
| Title | Hands-on Oracle database 10g express edition for Linux |
| Statement of responsibility, etc. | Steve Bobrowski |
| 246 30 - VARYING FORM OF TITLE | |
| Title proper/short title | Oracle database 10g express edition for Linux |
| 260 ## - PUBLICATION, DISTRIBUTION, ETC. | |
| Place of publication, distribution, etc. | New Delhi : |
| Name of publisher, distributor, etc. | Tata McGraw-Hill, |
| Date of publication, distribution, etc. | c2006. |
| 300 ## - PHYSICAL DESCRIPTION | |
| Extent | xxvii, 525 p. : |
| Other physical details | ill. ; |
| Dimensions | 24 cm. |
| 500 ## - GENERAL NOTE | |
| General note | "Oracle Press." |
| 500 ## - GENERAL NOTE | |
| General note | Includes index. Indian print : 0070636028 |
| 650 #0 - SUBJECT ADDED ENTRY--TOPICAL TERM | |
| Topical term or geographic name entry element | Database management. |
| 650 #0 - SUBJECT ADDED ENTRY--TOPICAL TERM | |
| Topical term or geographic name entry element | Online databases. |
| 856 42 - ELECTRONIC LOCATION AND ACCESS | |
| Materials specified | Contributor biographical information |
| Uniform Resource Identifier | <a href="http://www.loc.gov/catdir/enhancements/fy0642/2006286344-b.html">http://www.loc.gov/catdir/enhancements/fy0642/2006286344-b.html</a> |
| 856 42 - ELECTRONIC LOCATION AND ACCESS | |
| Materials specified | Publisher description |
| Uniform Resource Identifier | <a href="http://www.loc.gov/catdir/enhancements/fy0642/2006286344-d.html">http://www.loc.gov/catdir/enhancements/fy0642/2006286344-d.html</a> |
| 856 42 - ELECTRONIC LOCATION AND ACCESS | |
| Materials specified | Table of contents only |
| Uniform Resource Identifier | <a href="http://www.loc.gov/catdir/enhancements/fy0642/2006286344-t.html">http://www.loc.gov/catdir/enhancements/fy0642/2006286344-t.html</a> |
| 942 ## - ADDED ENTRY ELEMENTS (KOHA) | |
| Koha item type | Book |
| Call number prefix | 005.7585 BOB |
| Source of classification or shelving scheme | |
| Withdrawn status | Lost status | Damaged status | Not for loan | Collection code | Permanent Location | Current Location | Shelving location | Date acquired | Source of acquisition | Cost, normal purchase price | Total Checkouts | Full call number | Barcode | Date last seen | Price effective from | Koha item type |
|---|---|---|---|---|---|---|---|---|---|---|---|---|---|---|---|---|
| Central Library (CL) | Central Library (CL) | First Floor - Databases | 06/01/2007 | Allied Book Company | 749.03 | 005.7585 BOB | SEECS008546 | 11/14/2012 | 01/05/2017 | Book |
